01008 2200361 4500001002100000005001500021035002000036007000300056040002200059100002700081245007400108250001200182300003000194020002200224041001300246082001000259084001600269090002100285264003000306336002100336337003000357338002300387650002300410850001000433008004100443990002400484990002200508990002200530990002200552990002400574990002400598990002400622INLIS00000000000990520260410105525 a0010-0123000232ta aSBPUPADbInd, Eng0 aWarner BrosePengarang1 aGiant Book To Color TAZ- Taz- Mania /cWarner Bros, Penerjemah Ariata aEdisi.1 a112 hlm :bilus, ;c28 cm a978-979-29-5803-40 bInd, Eng a371.1 a371.1 BRO t a371.1 BRO t 26-3 aYogyakarta :bAndi,c2015 2rdacontentaTeks 2rdamediaatanpa perantara 2rdacarrieravolume 4aBuku Anak Mewarnai aPUPAD260410 1  a34.785/DAK/DPK/2019 a27.596/H/DPK/2018 a27.597/H/DPK/2018 a27.598/H/DPK/2018 a34.784/DAK/DPK/2019 a34.783/DAK/DPK/2019 a34.786/DAK/DPK/2019